| 000 | 00507nam a22001577a 4500 | ||
|---|---|---|---|
| 020 | _qHard Cover. | ||
| 082 | _a004 | ||
| 100 | _aShamsa Kanwal. | ||
| 245 |
_aAutomatic Modulation Classification using Deep Neural Networks / _cKanwal, Shamsa |
||
| 260 |
_aIslamabad: _bRCMS-NUST, _c2021. |
||
| 300 |
_a109 p. : _bill. ; _c30cm. |
||
| 650 |
_aMS Computational Science and Engineering . _981456 |
||
| 700 | _aDr. Mian Ilyas Ahmad | ||
| 942 |
_2ddc _cTHE |
||
| 999 |
_c586233 _d586233 |
||